[Event "Borup Skovbo op"]
[Site "Borup"]
[Date "2014.09.06"]
[Round "2"]
[White "Petersen, Henry"]
[Black "Schmidt, Horst Hubert"]
[Result "0-1"]
[WhiteElo "1455"]
[BlackElo "1754"]
[PlyCount "62"]
[EventDate "2014.09.05"]
[EventType "swiss"]
[EventRounds "9"]
[EventCountry "DEN"]
[SourceTitle "CBM 162 Extra"]
[Source "ChessBase"]
[SourceDate "2014.10.17"]
[SourceVersion "1"]
[SourceVersionDate "2014.10.17"]
[SourceQuality "1"]

1. e4 e6 2. d4 d5 3. e5 c5 4. c3 Nc6 5. Be3 Qb6 6. Qd2 f6 7. Nf3 Bd7 8. Be2 Rc8 9. 0-0 cxd4 10. cxd4 Nge7 11. Bd3 Nb4 12. Nc3 Nxd3 13. Qxd3 Nc6 14. a3 Na5 15. Nd2 Qxb2 16. Ne2 Bb5 17. Qb1 Qxb1 18. Raxb1 Bxe2 19. Rfc1 Rxc1+ 20. Rxc1 Kd7 21. a4 Bb4 22. f3 Bxd2 23. Bxd2 Nc4 24. Bb4 fxe5 25. dxe5 Nxe5 26. Re1 Nc6 27. Bc3 d4 28. Rxe2 dxc3 29. Rc2 Nd4 30. Rf2 c2 31. Rf1 c1Q 0-1

[Event "Borup Skovbo op"]
[Site "Borup"]
[Date "2014.09.06"]
[Round "3"]
[White "Sorensen, Bernhard"]
[Black "Petersen, Henry"]
[Result "1-0"]
[WhiteElo "1684"]
[BlackElo "1455"]
[PlyCount "57"]
[EventDate "2014.09.05"]
[EventType "swiss"]
[EventRounds "9"]
[EventCountry "DEN"]
[SourceTitle "CBM 162 Extra"]
[Source "ChessBase"]
[SourceDate "2014.10.17"]
[SourceVersion "1"]
[SourceVersionDate "2014.10.17"]
[SourceQuality "1"]

1. e4 e5 2. Nf3 Nc6 3. c3 Nf6 4. d4 exd4 5. e5 Nd5 6. cxd4 Bb4+ 7. Bd2 Bxd2+ 8. Nbxd2 Qe7 9. Bc4 Nb6 10. 0-0 0-0 11. Bd3 d6 12. Re1 Bg4 13. Qb3 dxe5 14. dxe5 Rfe8 15. h3 Be6 16. Qc2 g6 17. a3 Rad8 18. Rac1 a6 19. Bxa6 Bc8 20. Bb5 Bd7 21. Nb3 Nd5 22. Nc5 b6 23. Nxd7 Na7 24. Nf6+ Nxf6 25. exf6 Qf8 26. Rxe8 Rxe8 27. Bxe8 Qxe8 28. Qxc7 Nc8 29. Qxc8 1-0

[Event "Borup Skovbo op"]
[Site "Borup"]
[Date "2014.09.05"]
[Round "1"]
[White "Hein, Jacob"]
[Black "Petersen, Henry"]
[Result "1-0"]
[WhiteElo "1450"]
[BlackElo "1455"]
[PlyCount "47"]
[EventDate "2014.09.05"]
[EventType "swiss"]
[EventRounds "9"]
[EventCountry "DEN"]
[SourceTitle "CBM 162 Extra"]
[Source "ChessBase"]
[SourceDate "2014.10.17"]
[SourceVersion "1"]
[SourceVersionDate "2014.10.17"]
[SourceQuality "1"]

1. c4 e5 2. g3 c5 3. Nc3 Nc6 4. Bg2 Nf6 5. Nf3 b6 6. Nxe5 Qc7 7. d4 cxd4 8. Bf4 Bd6 9. Nb5 Qb8 10. Nxd6+ Qxd6 11. Nxc6 Qc5 12. Nxd4 Qa5+ 13. Qd2 d5 14. Qxa5 bxa5 15. cxd5 Bb7 16. Nc6 Bxc6 17. dxc6 Rc8 18. Bd6 h5 19. Rc1 Ng8 20. c7 f5 21. Bb7 Kd7 22. Bxc8+ Kxd6 23. Bxf5 Ne7 24. c8Q 1-0

[Event "Koge Xtracon op"]
[Site "Koge"]
[Date "2013.10.19"]
[Round "8"]
[White "Petersen, Henry"]
[Black "Stuhr, Peter Sebastian"]
[Result "0-1"]
[WhiteElo "1405"]
[BlackElo "1939"]
[PlyCount "84"]
[EventDate "2013.10.14"]
[EventType "swiss"]
[EventRounds "9"]
[EventCountry "DEN"]
[SourceTitle "EXT 2014"]
[Source "ChessBase"]
[SourceDate "2013.11.20"]
[SourceVersion "1"]
[SourceVersionDate "2013.11.20"]
[SourceQuality "1"]

1. e4 d6 2. d4 Nf6 3. Nc3 Nbd7 4. f4 e5 5. Nf3 exd4 6. Nxd4 c6 7. Be3 Nc5 8. Bd3 Qb6 9. Nb3 Nxd3+ 10. Qxd3 Qc7 11. 0-0-0 Ng4 12. h3 Nxe3 13. Qxe3 Be7 14. g4 h6 15. Rdg1 Be6 16. Nd4 Bd7 17. Nf5 Bxf5 18. exf5 0-0-0 19. Qxa7 d5 20. Qf2 Bd6 21. h4 Bxf4+ 22. Kb1 d4 23. Nd1 Rhe8 24. Qf3 Rd5 25. Re1 Rxe1 26. Rxe1 Re5 27. Rxe5 Qxe5 28. a3 Kc7 29. Nf2 Qe3 30. Qxe3 dxe3 31. Nd3 e2 32. c3 Bd2 33. Kc2 e1Q 34. Nxe1 Bxe1 35. h5 Kd6 36. Kd3 Ke5 37. Ke3 Bg3 38. Kf3 Bf4 39. b3 Bc1 40. a4 Ba3 41. Ke3 Bb2 42. c4 c5 0-1